000
00247nam a2200097Ia 4500
001
648240
005
20250826153718.0
008
250824s9999 xx 000 0 und d
245
0
_a
HİPERAKTİF ÇOCUK VE ERGEN OKULDA
_c
YANKI YAZGAN
260
_b
DOĞAN
999
_c
648240
_d
648240